Adivina por el logo el equipo de La Liga - Estadísticas

Estadísticas generales
  • Esta prueba ha sido intentada 61 veces
  • La puntuación promedio es 19 de 20
Estadísticas de respuestas
Imagen Respuesta % Correcto
Real Madrid
100%
Athletic Club de Bilbao
98%
Atlético de Madrid
98%
Barcelona
98%
Betis
96%
Girona
96%
Real Sociedad
96%
Alaves
95%
Las Palmas
95%
Leganes
95%
Sevilla
95%
Getafe
93%
Osasuna
93%
Valencia
93%
Espanyol
91%
Mallorca
91%
Rayo Vallecano
91%
Villarreal
91%
Celta de Vigo
89%
Valladolid
78%
No se encontraron pruebas coincidentes
Distribución de puntuación
Porcentaje de gente con cada puntuación
Porcentaje por número respondido
Historial de tus puntuaciones
No has intentado esta prueba.